Statistics for Super Smash Bros. Ultimate Characters That Start With S

Click here to take the quiz!

General Stats

  • This quiz has been taken 226 times
    (117 since last reset)
  • The average score is 10 of 10

Answer Stats

SeriesAnswer% Correct
MetroidSamus
100%
CastlevaniaSimon
100%
Sonic the HedgehogSonic
100%
PokémonSquirtle
100%
MinecraftSteve
100%
Xenoblade ChroniclesShulk
99%
Metal GearSnake
99%
Kingdom HeartsSora
99%
The Legend of ZeldaSheik
98%
Final FantasySephiroth
96%

Score Distribution

Percentile by Number Answered

Percent of People with Each Score

Your Score History

You have not taken this quiz since the last reset